| 000 | 00966nas a2200313 4500 | ||
|---|---|---|---|
| 001 | BR0904517 | ||
| 003 | BR-BrBNA | ||
| 005 | 20231205113316.0 | ||
| 007 | ta | ||
| 008 | 230509b bl.|||p| |||| 00| 00por d | ||
| 040 |
_aBR-BrBNA _bpor _cBiblioteca Nacional de Agricultura |
||
| 041 | _a(Pt) | ||
| 072 | _aH20 | ||
| 100 | 1 | _aDuarte, A.G. | |
| 100 | 1 | _aLima, I.S. de | |
| 100 | 1 | _aAraújo Júnior, J.V. de | |
| 100 | 1 | _aDuarte, A.G. | |
| 100 | 1 | _aAlbuquerque, A.L.S. de | |
| 100 | 1 | _aCruz, M. de M. | |
| 245 | 1 | _aDisposição do nematóide Bursaphelenchus cocophilus (Cobb)Baujard, em coqueiros portadores da doença Anel-Vermelho | |
| 650 | _aCOCO | ||
| 650 | _aNEMATOIDE | ||
| 650 | _aDOENÇA DE PLANTA | ||
| 650 | _aANEL VERMELHO | ||
| 650 | _aALAGOAS | ||
| 773 | 0 |
_tRevista Brasileira de Fruticultura (Brazil) _xISSN 0100 2945 _g(Sep 2008), v. 30(3) p. 622-627 _wBR0904517 |
|
| 909 |
_a202311 _bLúcia _c55 _dLúcia Elande |
||
| 942 |
_2AGRIS _n0 _cANA |
||
| 999 |
_c203040 _d203040 |
||